Effectif Bayern Munich 2025/2026 - Statistiques

Statistiques générales
  • Ce quiz a été pris 1 363 fois
    65 depuis la dernière actualisation
  • Le résultat moyen est 19 sur 25
Statistiques - réponses
Poste Numéro Pays Joueur % Correct
G 1 Allemagne Manuel Neuer
98%
ATT 9 Angleterre Harry Kane
96%
MIL 6 Allemagne Joshua Kimmich
96%
DEF 3 Corée du Sud Kim Min-jae
96%
ATT 14 Colombie Luis Díaz
95%
ATT 17 France Michael Olise
95%
COACH - Belgique Vincent Kompany
95%
DEF 19 Canada Alphonso Davies
93%
DEF 2 France Dayot Upamecano
93%
DEF 4 Allemagne Jonathan Tah
93%
MIL 10 Allemagne Jamal Musiala
87%
ATT 11 Sénégal Nicolas Jackson
87%
ATT 7 Allemagne Serge Gnabry
87%
DEF 44 Croatie Josip Stanisic
82%
MIL 45 Allemagne Aleksandar Pavlovic
80%
DEF 27 Autriche Konrad Laimer
78%
MIL 8 Allemagne Leon Goretzka
76%
MIL 42 Allemagne Lennart Karl
75%
DEF 21 Japon Hiroki Ito
73%
G 40 Allemagne Jonas Urbig
67%
DEF 22 Portugal Raphaël Guerreiro
65%
G 26 Allemagne Sven Ulreich
64%
MIL 20 Allemagne Tom Bischof
47%
MIL 39 Sénégal Bara Sapoko Ndiaye
16%
G 48 Allemagne Leon Klanac
11%
Aucun quiz correspondant
Distribution des résultats
% des personnes avec chaque résultat
Percentile par nombre de réponses
Votre historique - résultats
Vous n’avez pas pris ce quiz depuis la dernière actualisation